000 00446nam a22001697a 4500
003 NUST - PNEC
005 20170116180837.0
008 150811b xxu||||| |||| 00| 0 eng d
020 _a0534138969
040 _cLIBRARY
082 _a510 HIR
100 _95100
_a Hirschfelder, R
245 _aIntroduction to discrete mathematics
_c R, Hirschfelder
260 _cc 1991
650 _95102
_aComputer science--Mathematics
_x-
942 _2ddc
_cBK
999 _c64277
_d64277